Pracovný trh v Európe z pohľadu zamestnaných Slovákov diplomová práca

Saved in:
Bibliographic Details
Main Author: Hrklová, Dominika
Corporate Author: Fakulta medzinárodných vzťahov EU. Katedra medzinárodných politických vzťahov
Other Authors: Štefancová, Viera
Format: Book
Language:Slovak
Published: Bratislava 2018
Tags: Add Tag
No Tags, Be the first to tag this record!

MARC

LEADER 00000nbm a2200000 4500
001 0244480
005 20180806120233.6
041 0 |a slo 
044 |a SK 
245 1 0 |a Pracovný trh v Európe z pohľadu zamestnaných Slovákov  |b diplomová práca  |c Dominika Hrklová ; školiteľ: Viera Štefancová 
264 1 |a Bratislava  |c 2018 
300 |a 80 s. 
100 1 |a Hrklová, Dominika 
700 1 |a Štefancová, Viera 
710 2 |a Fakulta medzinárodných vzťahov EU. Katedra medzinárodných politických vzťahov